000 00363nam a2200145Ia 4500
008 210210b1974 xxu||||| |||| 00| 0 eng d
020 _a19 560472 5
082 _a301 BETS
100 _aBETEILLE (Andre).
245 _aSix essays in comparative sociology.
260 _aDelhi
_bOxford University
_c1974
300 _a113
690 _aSociology
906 _a033471
999 _c83972
_d83972